MAKING STRATEGY WORK LEADING EFFECTIVE E (Record no. 3113)

MARC details
000 -LEADER
fixed length control field 00358nam a2200133Ia 4500
008 - FIXED-LENGTH DATA ELEMENTS--GENERAL INFORMATION
fixed length control field 240624s9999 xx 000 0 und d
041 ## - LANGUAGE CODE
Language code of text/sound track or separate title eng
082 ## - DEWEY DECIMAL CLASSIFICATION NUMBER
Classification number 658.4012 HRE
100 ## - MAIN ENTRY--PERSONAL NAME
Personal name HREBINIAK LAWRENCE G
245 ## - TITLE STATEMENT
Title MAKING STRATEGY WORK LEADING EFFECTIVE E
260 ## - PUBLICATION, DISTRIBUTION, ETC.
Date of publication, distribution, etc. 2005
Place of publication, distribution, etc. New Delhi
Name of publisher, distributor, etc. Pearson Power
300 ## - PHYSICAL DESCRIPTION
Extent xxi, : 384 : p. : cm. ; 24
365 ## - TRADE PRICE
Currency code RS
Holdings
Withdrawn status Lost status Damaged status Not for loan Home library Current library Shelving location Date acquired Source of acquisition Cost, normal purchase price Full call number Barcode Date last seen Copy number Price effective from Koha item type
        IMTN IMTN Rack 28-B 01/03/2006 AP 499.00 658.4012 HRE 3113 06/24/2024 1 06/24/2024 Books
Designed & Maintained by: LRC IMT Nagpur Contact: lrc@imtnag.ac.in© 2024. All Rights Reserved.